Industrial Structure and the nature of innovative activity (Registro nro. 26587)
[ vista simple ]
| 000 -LEADER | |
|---|---|
| fixed length control field | 00382 a2200121 4500 |
| 001 - CONTROL NUMBER | |
| control field | ART_12694 |
| 005 - DATE AND TIME OF LATEST TRANSACTION | |
| control field | 20260410161908.0 |
| 008 - FIXED-LENGTH DATA ELEMENTS--GENERAL INFORMATION | |
| fixed length control field | 260409a |
| 100 1# - MAIN ENTRY--PERSONAL NAME | |
| Personal name | Stiglitz, Joseph E. |
| 245 10 - TITLE STATEMENT | |
| Title | Industrial Structure and the nature of innovative activity |
| 700 1# - ADDED ENTRY--PERSONAL NAME | |
| Personal name | Dasgupta, Partha |
| 773 0# - HOST ITEM ENTRY | |
| Title | The Economic Journal |
| Related parts | - Vol. 90, Nº 358 (jun. 1980) |
| Record control number | REV12512 |
No hay ítems disponibles.